[Event "ODEM U25B 2011"]
[Site "Oberhof GER"]
[Date "2011.06.18"]
[Round "9"]
[White "Bauch, Florian"]
[Black "ter Stal, Esther"]
[Result "1-0"]
[Termination "normal"]
[Board "20"]
[WhiteElo "1306"]
[BlackElo "847"]
[PlyCount "99"]
[BlackFideId "12944467"]
[EventCountry "GER"]
[EventRounds "9"]
[EventType "swiss"]
[EventDate "2011.06.11"]

1. d4 Nf6 2. Nf3 e6 3. c4 b6 4. Bg5 Bb7 5. e3 Bb4+ 6. Nbd2 O-O 7. a3 Bxd2+ 8.
Nxd2 Qe7 9. e4 e5 10. d5 c5 11. Qf3 d6 12. Bxf6 Qxf6 13. Qxf6 gxf6 14. Be2 Nd7
15. O-O Kg7 16. Rac1 Rh8 17. Rc3 Rag8 18. Bg4 Bc8 19. Rf3 h5 20. Bf5 h4 21. Nb1
Kf8 22. Nc3 Ke7 23. Kh1 Nb8 24. Nb5 Bxf5 25. Rxf5 a6 26. Nc3 Rh7 27. Rg1 Nd7
28. b4 Rgh8 29. g3 hxg3 30. Rxg3 Rxh2+ 31. Kg1 Rh1+ 32. Kg2 Nf8 33. Ne2 R8h2+
34. Kf3 Rf1 35. Kg4 Ng6 36. bxc5 bxc5 37. Rb3 Rh4+ 38. Kf3 Rh3+ 39. Ng3 Rfh1
40. Rb7+ Kf8 41. Rxf6 Nh4+ 42. Kg4 Kg7 43. Rfxf7+ Kg6 44. Nxh1 Rxh1 45. Rg7+
Kh6 46. Rh7+ Kg6 47. Rxh4 Rg1+ 48. Kf3 Kg5 49. Rg7+ Kxh4 50. Rxg1 1-0

[Event "ODEM U25B 2011"]
[Site "Oberhof GER"]
[Date "2011.06.18"]
[Round "9"]
[White "Nabinger, Annalena"]
[Black "Eue, Vicky"]
[Result "1-0"]
[Termination "normal"]
[Board "21"]
[WhiteElo "1233"]
[BlackElo "1296"]
[PlyCount "49"]
[WhiteFideId "12902225"]
[BlackFideId "12945838"]
[EventCountry "GER"]
[EventRounds "9"]
[EventType "swiss"]
[EventDate "2011.06.11"]

1. e4 e6 2. d4 d5 3. e5 c5 4. c3 Nc6 5. Nf3 Qb6 6. Bd3 Bd7 7. O-O cxd4 8. cxd4
Nxd4 9. Nxd4 Qxd4 10. Nc3 Qxe5 11. Re1 Qc7 12. Nxd5 Qa5 13. Re5 Bd6 14. Nf6+
Nxf6 15. Rxa5 b6 16. Rg5 g6 17. Bxg6 Be7 18. Bc2 Rd8 19. Qf3 h6 20. Rg3 Rc8 21.
Bb3 Bc6 22. Qc3 Bb7 23. Ba4+ Kf8 24. Qd2 Ne4 25. Qxh6+ 1-0

[Event "ODEM U25B 2011"]
[Site "Oberhof GER"]
[Date "2011.06.18"]
[Round "9"]
[White "Resch, Andreas"]
[Black "Scholz, Richard"]
[Result "1/2-1/2"]
[Termination "normal"]
[Board "22"]
[WhiteElo "1351"]
[BlackElo "1097"]
[PlyCount "32"]
[EventCountry "GER"]
[EventRounds "9"]
[EventType "swiss"]
[EventDate "2011.06.11"]

1. e4 e5 2. Nf3 Nc6 3. d4 exd4 4. Nxd4 Bc5 5. Be3 Qf6 6. c3 Nge7 7. Bc4 Ne5 8.
Nd2 d6 9. b4 Bb6 10. a4 a6 11. a5 Ba7 12. Qe2 b5 13. axb6 Nxc4 14. Nxc4 Bxb6
15. Nxb6 cxb6 16. Nb5 O-O 1/2-1/2

[Event "ODEM U25B 2011"]
[Site "Oberhof GER"]
[Date "2011.06.18"]
[Round "9"]
[White "Schumann, Rabea"]
[Black "Topf, Robin"]
[Result "1/2-1/2"]
[Termination "normal"]
[Board "23"]
[WhiteElo "1388"]
[BlackElo "1079"]
[PlyCount "68"]
[WhiteFideId "12918199"]
[EventCountry "GER"]
[EventRounds "9"]
[EventType "swiss"]
[EventDate "2011.06.11"]

1. e4 e5 2. Nf3 Nc6 3. Bc4 Bc5 4. c3 Nf6 5. d4 exd4 6. cxd4 Bb4+ 7. Bd2 Bxd2+
8. Nbxd2 d5 9. exd5 Nxd5 10. O-O O-O 11. Re1 Bg4 12. Nb3 Qd6 13. h3 Bh5 14. a3
Rad8 15. Qd3 Bg6 16. Qd2 Rfe8 17. Rxe8+ Rxe8 18. Re1 Nf6 19. Rxe8+ Nxe8 20. Qe3
Qe7 21. Ne5 Nxe5 22. Qxe5 Qxe5 23. dxe5 Kf8 24. f4 f6 25. Kf2 Bf7 26. Bxf7 Kxf7
27. Ke3 Ke6 28. Ke4 b6 29. Nd4+ Kd7 30. Kd5 c6+ 31. Ke4 Nc7 32. Kf5 c5 33. Nf3
Nd5 34. Ke4 Kc6 1/2-1/2

[Event "ODEM U25B 2011"]
[Site "Oberhof GER"]
[Date "2011.06.18"]
[Round "9"]
[White "Michalowski, Sophia"]
[Black "Neumann, Tiemon"]
[Result "0-1"]
[Termination "normal"]
[Board "24"]
[WhiteElo "1014"]
[BlackElo "1163"]
[PlyCount "52"]
[WhiteFideId "12902454"]
[BlackFideId "12925462"]
[EventCountry "GER"]
[EventRounds "9"]
[EventType "swiss"]
[EventDate "2011.06.11"]

1. d4 Nf6 2. c4 e5 3. dxe5 Ng4 4. Nf3 Nc6 5. Bf4 Bb4+ 6. Nbd2 Qe7 7. a3 Ngxe5
8. Nxe5 Nxe5 9. Bxe5 Bxd2+ 10. Qxd2 Qxe5 11. e3 d6 12. Qd4 Qxd4 13. exd4 Bf5
14. Be2 O-O 15. O-O Rfe8 16. Bf3 c6 17. Rfe1 Bd3 18. c5 d5 19. Bg4 g6 20. Bd7
Red8 21. Re7 Kf8 22. Rae1 Be4 23. R7xe4 dxe4 24. Bh3 Rxd4 25. Re3 Rd1+ 26. Re1
Rxe1# 0-1

[Event "ODEM U25B 2011"]
[Site "Oberhof GER"]
[Date "2011.06.18"]
[Round "9"]
[White "Riedel, Erich"]
[Black "Rose, Luis Stratos"]
[Result "1/2-1/2"]
[Termination "normal"]
[Board "25"]
[WhiteElo "1137"]
[BlackElo "1024"]
[PlyCount "49"]
[WhiteFideId "12958646"]
[BlackFideId "12976008"]
[EventCountry "GER"]
[EventRounds "9"]
[EventType "swiss"]
[EventDate "2011.06.11"]

1. e4 d5 2. exd5 Nf6 3. d4 Nxd5 4. Nf3 g6 5. Bc4 Nb6 6. Bb3 Bg7 7. c3 O-O 8.
O-O Nc6 9. Re1 Re8 10. Bf4 Nd7 11. Nbd2 e5 12. Bg5 Bf6 13. Bxf6 Qxf6 14. d5
Ncb8 15. Ne4 Qg7 16. d6 c5 17. Nfg5 Rf8 18. Qf3 Nc6 19. Rad1 b6 20. Bd5 Bb7 21.
h4 h6 22. Nh3 Kh7 23. Bxc6 Bxc6 24. Nf6+ Qxf6 25. Qxc6 1/2-1/2

[Event "ODEM U25B 2011"]
[Site "Oberhof GER"]
[Date "2011.06.18"]
[Round "9"]
[White "Klinge, Sabina"]
[Black "Hallbauer, Emil Karlsson"]
[Result "1-0"]
[Termination "normal"]
[Board "26"]
[WhiteElo "1101"]
[BlackElo "856"]
[PlyCount "93"]
[WhiteFideId "12949590"]
[EventCountry "GER"]
[EventRounds "9"]
[EventType "swiss"]
[EventDate "2011.06.11"]

1. e4 d6 2. d4 Nf6 3. Nc3 g6 4. Nf3 Bg7 5. Be2 Bg4 6. O-O Nc6 7. Be3 e5 8. h3
Bxf3 9. Bxf3 exd4 10. Bxd4 Nxd4 11. Qxd4 O-O 12. Rfe1 Ng4 13. Qd2 Ne5 14. Be2
c6 15. Kh1 b5 16. a3 a5 17. f4 Nc4 18. Bxc4 bxc4 19. Rad1 Qh4 20. Qxd6 Rad8 21.
Qxc6 Rxd1 22. Rxd1 Qxf4 23. Ne2 Qf2 24. Qxc4 Bxb2 25. Ng1 Be5 26. Rf1 Qg3 27.
Nf3 Bf4 28. Qe2 h5 29. Qf2 Qxf2 30. Rxf2 g5 31. g3 Bxg3 32. Rg2 Bf4 33. Nxg5
Kh8 34. h4 f6 35. Ne6 Re8 36. Nxf4 Rxe4 37. Ng6+ Kh7 38. Nf8+ Kh8 39. Kg1 Re1+
40. Kh2 Re3 41. Ng6+ Kh7 42. Nf4 Rxa3 43. Nxh5 a4 44. Nxf6+ Kh6 45. h5 Rh3+ 46.
Kxh3 a3 47. Rg6# 1-0

[Event "ODEM U25B 2011"]
[Site "Oberhof GER"]
[Date "2011.06.18"]
[Round "9"]
[White "Morio, Estelle"]
[Black "Holle, Niklas"]
[Result "1/2-1/2"]
[Termination "normal"]
[Board "27"]
[WhiteElo "1012"]
[BlackElo "1060"]
[PlyCount "40"]
[WhiteFideId "12951951"]
[EventCountry "GER"]
[EventRounds "9"]
[EventType "swiss"]
[EventDate "2011.06.11"]

1. f4 e6 2. Nf3 d5 3. e3 g6 4. Be2 Bg7 5. O-O Ne7 6. Nc3 Nf5 7. Qe1 Nc6 8. b3
a6 9. Bb2 b5 10. Nd1 d4 11. Rb1 Bb7 12. a3 O-O 13. Bd3 Re8 14. Be4 Rb8 15. c3
dxe3 16. dxe3 Nd6 17. Bc2 Ne7 18. Ne5 Nef5 19. c4 bxc4 20. Nxc4 Bxb2 1/2-1/2

[Event "ODEM U25B 2011"]
[Site "Oberhof GER"]
[Date "2011.06.18"]
[Round "9"]
[White "Jansen, Nina"]
[Black "Möller, Jared William"]
[Result "1-0"]
[Termination "normal"]
[Board "28"]
[WhiteElo "1478"]
[BlackElo "893"]
[PlyCount "123"]
[WhiteFideId "12934500"]
[EventCountry "GER"]
[EventRounds "9"]
[EventType "swiss"]
[EventDate "2011.06.11"]

1. e4 e5 2. Nf3 Nf6 3. Nc3 Nc6 4. Bc4 Nxe4 5. Nxe4 d5 6. Bxd5 Qxd5 7. d3 Bf5 8.
Nc3 Qe6 9. O-O O-O-O 10. a3 Bc5 11. Na4 Bb6 12. b4 Bg4 13. Ng5 Bxd1 14. Nxe6
fxe6 15. Rxd1 e4 16. Bg5 Rd7 17. dxe4 Rxd1+ 18. Rxd1 h6 19. Nxb6+ axb6 20. Bf4
e5 21. Be3 Kb8 22. c3 Ka7 23. b5 Na5 24. a4 Nc4 25. h3 Nb2 26. Ra1 Nc4 27. a5
Kb8 28. axb6 cxb6 29. Rd1 Kc7 30. g3 Nb2 31. Rd5 Re8 32. Bc1 Na4 33. Rd3 Nc5
34. Re3 34... Rd8 {Zug ist eine Annahme, da der naechste schwarze Zug fehlt.}
35. Kg2 Nb3 36. Ba3 Na5 37. Rf3 g5 38. Rf6 Rh8 39. Bd6+ Kd7 40. Bxe5 Re8 41. f4
gxf4 42. gxf4 Nc4 43. Rf7+ Kc8 44. Rc7+ Kd8 45. Rxc4 Kd7 46. Rc7+ Ke6 47. Rxb7
Rg8+ 48. Kf3 h5 49. Rxb6+ Kd7 50. Rb7+ Ke6 51. Rg7 Rf8 52. b6 Rc8 53. b7 Re8
54. b8=R Rxb8 55. Bxb8 h4 56. f5+ Kf6 57. Rg6+ Ke7 58. e5 Kf7 59. e6+ Ke7 60.
Be5 Kf8 61. f6 Ke8 62. Rg8# 1-0

[Event "ODEM U25B 2011"]
[Site "Oberhof GER"]
[Date "2011.06.18"]
[Round "9"]
[White "Maiwald, Lars"]
[Black "Michalowski, Melina"]
[Result "1/2-1/2"]
[Termination "normal"]
[Board "29"]
[WhiteElo "940"]
[BlackElo "1184"]
[PlyCount "59"]
[WhiteFideId "12958999"]
[BlackFideId "12902462"]
[EventCountry "GER"]
[EventRounds "9"]
[EventType "swiss"]
[EventDate "2011.06.11"]

1. d4 Nf6 2. Nf3 g6 3. c4 Bg7 4. Nc3 O-O 5. Bf4 d6 6. e3 Re8 7. Be2 Nbd7 8. O-O
c6 9. Rc1 Qc7 10. c5 e5 11. cxd6 Qxd6 12. dxe5 Qxd1 13. Rfxd1 Nh5 14. b4 Nb6
15. b5 Bd7 16. bxc6 Bxc6 17. g4 Nxf4 18. exf4 Rac8 19. Nd4 Red8 20. Nxc6 Rxd1+
21. Rxd1 Rxc6 22. Ne4 Rc2 23. Kf1 Rxa2 24. Rd8+ Bf8 25. Rb8 Ra1+ 26. Kg2 a5 27.
Rxb7 Nd5 28. Bc4 Nxf4+ 29. Kf3 Ne6 30. Ra7 1/2-1/2

[Event "ODEM U25B 2011"]
[Site "Oberhof GER"]
[Date "2011.06.18"]
[Round "9"]
[White "Thumm, Niklas"]
[Black "Polert, Jesper"]
[Result "0-1"]
[Termination "normal"]
[Board "30"]
[WhiteElo "1016"]
[BlackElo "809"]
[PlyCount "122"]
[WhiteFideId "12918733"]
[EventCountry "GER"]
[EventRounds "9"]
[EventType "swiss"]
[EventDate "2011.06.11"]

1. e4 c6 2. Nc3 d5 3. exd5 cxd5 4. d4 Nc6 5. Bb5 a6 6. Ba4 e6 7. Nf3 Bb4 8. Ne5
Bd7 9. Nxd7 Qxd7 10. Qg4 g6 11. Bf4 Nf6 12. Qh4 Ne4 13. O-O Bxc3 14. bxc3 Nxc3
15. Be5 Rg8 16. Qxh7 O-O-O 17. Bb3 Nxe5 18. dxe5 Rh8 19. Qg7 Ne4 20. Ba4 Qc7
21. Rac1 Rdg8 22. c4 dxc4 23. Bb3 Kb8 24. Rxc4 Qd7 25. Qxg8+ Rxg8 26. Rxe4 Rc8
27. h3 Rc6 28. Rb1 Rb6 29. Ra4 Qxa4 30. Rd1 Qe4 31. Rd8+ Ka7 32. Rd7 Qxe5 33.
Rxf7 Rc6 34. Rd7 Rc1+ 35. Rd1 Rxd1+ 36. Bxd1 Qa1 37. Kh2 Qxd1 38. Kg3 Qd3+ 39.
f3 b5 40. h4 a5 41. h5 gxh5 42. Kh4 a4 43. Kxh5 Qe2 44. g4 Qxf3 45. Kg5 Qxg4+
46. Kxg4 b4 47. Kf3 b3 48. axb3 axb3 49. Ke4 b2 50. Ke5 b1=Q 51. Kxe6 Qd3 52.
Ke5 Kb7 53. Kf4 Qe2 54. Kf5 Kc6 55. Kf4 Kd5 56. Kf5 Qf3+ 57. Kg6 Ke5 58. Kg7
Ke6 59. Kh8 Qg2 60. Kh7 Kf6 61. Kh6 Qg6# 0-1

[Event "ODEM U25B 2011"]
[Site "Oberhof GER"]
[Date "2011.06.18"]
[Round "9"]
[White "Riehle, Fabio"]
[Black "Hoffmann, Rasmus"]
[Result "0-1"]
[Termination "normal"]
[Board "31"]
[WhiteElo "808"]
[BlackElo "990"]
[PlyCount "124"]
[WhiteFideId "36052140"]
[EventCountry "GER"]
[EventRounds "9"]
[EventType "swiss"]
[EventDate "2011.06.11"]

1. e4 c5 2. Nf3 d6 3. d4 cxd4 4. Nxd4 Nf6 5. Nc3 a6 6. Be3 e5 7. Nf5 Bxf5 8.
exf5 Qd7 9. Nd5 Nxd5 10. Qxd5 Nc6 11. Bd3 Be7 12. Qf3 O-O 13. Qg4 Bf6 14. O-O-O
Ne7 15. Be4 d5 16. Rhe1 Qc6 17. Bg5 dxe4 18. Re2 Bxg5+ 19. Qxg5 f6 20. Qg4 Qc8
21. Re3 Qxf5 22. Rg3 Qxg4 23. Rxg4 e3 24. fxe3 Nf5 25. Re1 Rfd8 26. e4 Ne7 27.
Re3 Nc6 28. Reg3 Rd7 29. Rd3 Rxd3 30. cxd3 Rd8 31. Rg3 Nb4 32. Kd2 Nxa2 33. Re3
Nb4 34. g3 h5 35. h4 Kh7 36. Kc3 a5 37. b3 Kh6 38. Kc4 g5 39. hxg5+ Kxg5 40.
Rf3 Rd6 41. Re3 Nc2 42. Rf3 Kg4 43. Rf2 Kxg3 44. Rxc2 Rc6+ 45. Kb5 Rxc2 46.
Kxa5 Rc3 47. b4 Rxd3 48. b5 Rb3 49. Kb6 h4 50. Kc5 h3 51. Kb6 h2 52. Kxb7 Rxb5+
53. Kc6 h1=Q 54. Kxb5 Qxe4 55. Kb6 Qd5 56. Kc7 Qe6 57. Kb8 Qd7 58. Ka8 Kf4 59.
Kb8 Ke4 60. Ka8 Kd5 61. Kb8 Kc6 62. Ka8 Qb7# 0-1

[Event "ODEM U25B 2011"]
[Site "Oberhof GER"]
[Date "2011.06.18"]
[Round "9"]
[White "Schumacher, Aaron"]
[Black "Granzin, David"]
[Result "0-1"]
[Termination "normal"]
[Board "32"]
[WhiteElo "788"]
[BlackElo "975"]
[PlyCount "78"]
[BlackFideId "12922145"]
[EventCountry "GER"]
[EventRounds "9"]
[EventType "swiss"]
[EventDate "2011.06.11"]

1. d4 d5 2. Bf4 Nf6 3. e3 Bf5 4. c3 e6 5. Nd2 c5 6. Qb3 Qb6 7. Bb5+ Nbd7 8.
Ngf3 c4 9. Qa4 a6 10. Bxd7+ Nxd7 11. Ne5 Qd8 12. Ndf3 b5 13. Qd1 f6 14. Nc6 Qc8
15. Nb4 Bxb4 16. cxb4 O-O 17. Qe2 Bd3 18. Qd2 Qe8 19. Bd6 Rf7 20. g4 e5 21.
dxe5 fxe5 22. Ng5 Rf6 23. Bc5 h6 24. Nf3 Rxf3 25. b3 Nxc5 26. bxc5 Qc6 27. b4
Qf6 28. Rg1 Rxf2 29. Qxf2 Qxf2+ 30. Kxf2 Rf8+ 31. Ke1 Rf3 32. Rg3 Rf1+ 33. Kd2
Rxa1 34. Rf3 Be4 35. Rf2 Rxa2+ 36. Ke1 Rxf2 37. Kxf2 Kf8 38. h4 Ke7 39. Kg3 c3
0-1

[Event "ODEM U25B 2011"]
[Site "Oberhof GER"]
[Date "2011.06.18"]
[Round "9"]
[White "Hölzer, Jeanette"]
[Black "Binner, Pascal"]
[Result "1-0"]
[Termination "normal"]
[Board "33"]
[WhiteElo "1108"]
[BlackElo "975"]
[PlyCount "97"]
[WhiteFideId "12917982"]
[BlackFideId "12949914"]
[EventCountry "GER"]
[EventRounds "9"]
[EventType "swiss"]
[EventDate "2011.06.11"]

1. e4 d6 2. d4 g6 3. Be3 Bg7 4. Nc3 Nf6 5. f3 O-O 6. Qd2 Nbd7 7. Bh6 Ne8 8. h4
c5 9. d5 a6 10. h5 Nef6 11. hxg6 fxg6 12. Bxg7 Kxg7 13. Qh6+ Kf7 14. Nh3 Rh8
15. Ng5+ Ke8 16. O-O-O b5 17. Qg7 Rf8 18. Ne6 Rf7 19. Qxf7+ Kxf7 20. Nxd8+ Ke8
21. Ne6 b4 22. Ne2 a5 23. Nc7+ Kd8 24. Nxa8 Bb7 25. Nf4 Bxa8 26. Ne6+ Kc8 27.
Ba6+ Bb7 28. Bxb7+ Kxb7 29. Nd8+ Kc8 30. Nc6 a4 31. Nxe7+ Kd8 32. Nc6+ Kc7 33.
c3 bxc3 34. bxc3 a3 35. Kc2 c4 36. Rb1 Nc5 37. Rb4 Nd3 38. Rxc4 Nf2 39. Rf1
N2xe4 40. fxe4 Nd7 41. Rf7 h5 42. Ne5+ Kb6 43. Nxd7+ Kb5 44. Rc8 g5 45. Nf6 h4
46. Rb7+ Ka6 47. Rb1 Ka7 48. Rc4 Ka6 49. Ra4# 1-0

[Event "ODEM U25B 2011"]
[Site "Oberhof GER"]
[Date "2011.06.18"]
[Round "9"]
[White "Niewrzol, Anton"]
[Black "Binner, Jule"]
[Result "0-1"]
[Termination "normal"]
[Board "34"]
[WhiteElo "835"]
[BlackElo "831"]
[PlyCount "56"]
[BlackFideId "16205332"]
[EventCountry "GER"]
[EventRounds "9"]
[EventType "swiss"]
[EventDate "2011.06.11"]

1. e4 c5 2. Nc3 e6 3. Bb5 a6 4. Ba4 b5 5. Bb3 c4 6. Bxc4 bxc4 7. d4 cxd3 8.
cxd3 Bb7 9. Nf3 Bb4 10. O-O Bxc3 11. bxc3 Nf6 12. e5 Nd5 13. Bb2 O-O 14. d4 d6
15. Qb3 dxe5 16. Qxb7 Nd7 17. dxe5 Nc5 18. Qc6 Rc8 19. Qd6 Qa5 20. c4 Ne4 21.
Qd7 Rxc4 22. Nd4 Qb6 23. Rab1 Rd8 24. Ba3 Rxd7 25. Rxb6 Nxb6 26. Ne2 Rd2 27.
Nc1 Rcc2 28. h3 Nc3 0-1

[Event "ODEM U25B 2011"]
[Site "Oberhof GER"]
[Date "2011.06.18"]
[Round "9"]
[White "Reyher, Susan"]
[Black "Schlichter, Lisa"]
[Result "1-0"]
[Termination "normal"]
[Board "38"]
[WhiteElo "1320"]
[BlackElo "1069"]
[PlyCount "49"]
[WhiteFideId "24686107"]
[BlackFideId "12926396"]
[EventCountry "GER"]
[EventRounds "9"]
[EventType "swiss"]
[EventDate "2011.06.11"]

1. e4 c5 2. Nf3 Nc6 3. d4 cxd4 4. Nxd4 g6 5. Nc3 Bg7 6. Be3 Nf6 7. Bc4 Qa5 8.
f3 Nxe4 9. Bxf7+ Kxf7 10. fxe4 Rf8 11. O-O+ Kg8 12. Rxf8+ Bxf8 13. Qd3 Ne5 14.
Qb5 Qc7 15. Bf4 Bg7 16. Qd5+ e6 17. Qb5 Nf3+ 18. Nxf3 Qxf4 19. e5 b6 20. Nd5
Qf7 21. Ng5 Qf8 22. Rf1 Qc5+ 23. Qxc5 bxc5 24. Ne7+ Kh8 25. Nf7# 1-0

[Event "ODEM U25A 2011"]
[Site "Oberhof GER"]
[Date "2011.06.12"]
[Round "1"]
[White "Figura, Atila Gajo"]
[Black "Stark, Sven"]
[Result "1-0"]
[Termination "normal"]
[Board "1"]
[WhiteTitle "FM"]
[WhiteElo "2364"]
[BlackElo "1857"]
[PlyCount "101"]
[WhiteFideId "4688058"]
[BlackFideId "4670124"]
[EventCountry "GER"]
[EventRounds "9"]
[EventType "swiss"]
[EventDate "2011.06.11"]

1. e4 e6 2. d4 d5 3. Nd2 dxe4 4. Nxe4 Nc6 5. Nf3 Be7 6. Bd3 Nf6 7. c3 Bd7 8.
O-O Nxe4 9. Bxe4 Bf6 10. Qe2 O-O 11. Bf4 Rb8 12. Rad1 Ne7 13. c4 Qc8 14. Qc2 g6
15. Ne5 c6 16. Ng4 Bg7 17. Bxb8 Qxb8 18. Rfe1 f5 19. Ne5 Bc8 20. Bf3 Qc7 21.
Qe2 Rd8 22. Qe3 a6 23. h4 Bf6 24. Qf4 Kg7 25. Nxg6 Qxf4 26. Nxf4 Kf7 27. Ne2
Bxh4 28. Bh5+ Ng6 29. g3 Be7 30. f4 Kf6 31. Kf2 b6 32. Ng1 Bd6 33. Nf3 Bb7 34.
Ng5 Bxf4 35. Nxe6 Bxg3+ 36. Kxg3 Rg8 37. Bxg6 Rxg6+ 38. Kf2 Bc8 39. Nf4 Rg4 40.
Kf3 b5 41. cxb5 axb5 42. Re8 Bb7 43. Rb8 Ba6 44. Rb6 Kg5 45. Nh3+ Kh4 46. Rxa6
Rg3+ 47. Kf4 Rxh3 48. Rxc6 h5 49. d5 Rh2 50. Rc2 Rh3 51. d6 1-0

[Event "ODEM U25A 2011"]
[Site "Oberhof GER"]
[Date "2011.06.12"]
[Round "1"]
[White "Zimmer, Ketsarin"]
[Black "ten Hagen, Yorick"]
[Result "0-1"]
[Termination "normal"]
[Board "2"]
[WhiteElo "1748"]
[BlackElo "2197"]
[PlyCount "48"]
[WhiteFideId "4696182"]
[BlackFideId "1020072"]
[EventCountry "GER"]
[EventRounds "9"]
[EventType "swiss"]
[EventDate "2011.06.11"]

{+-} 1. e4 1... c5 2. Nf3 g6 3. c3 Bg7 4. d4 cxd4 5. Bc4 e6 6. Qe2 Ne7 7. O-O
O-O 8. cxd4 d5 9. exd5 exd5 10. Bb3 Nbc6 11. Bg5 Bg4 12. Re1 Re8 13. Nbd2 Nxd4
14. Qd3 Ne6 15. Bxe7 Rxe7 16. Qxd5 Bxb2 17. Rab1 Bc3 18. Qc4 Bxd2 19. Nxd2 Qxd2
20. Qxg4 Rae8 21. Ba4 Nc5 22. Rxe7 Rxe7 23. Bb5 Ne4 24. Qf3 Nc3 0-1

[Event "ODEM U25A 2011"]
[Site "Oberhof GER"]
[Date "2011.06.12"]
[Round "1"]
[White "von Meijenfeldt, Bart"]
[Black "Shishkov, Mark"]
[Result "1/2-1/2"]
[Termination "normal"]
[Board "3"]
[WhiteElo "2149"]
[BlackElo "1987"]
[PlyCount "78"]
[WhiteFideId "1032259"]
[BlackFideId "12911682"]
[EventCountry "GER"]
[EventRounds "9"]
[EventType "swiss"]
[EventDate "2011.06.11"]

1. e4 c6 2. c4 d5 3. exd5 cxd5 4. cxd5 Nf6 5. Bb5+ Nbd7 6. Nc3 a6 7. Bxd7+ Qxd7
8. Qb3 Qg4 9. Kf1 b5 10. d3 Bb7 11. Nge2 Qf5 12. a4 Qxd3 13. axb5 Bxd5 14. Qa4
axb5 15. Qxb5+ Qxb5 16. Rxa8+ Bxa8 17. Nxb5 Bd5 18. Nc7+ Kd7 19. Nxd5 Nxd5 20.
Nc3 Nxc3 21. bxc3 e6 22. Be3 Bd6 23. Ke2 Rc8 24. Kd3 Bc5 25. Ra1 Bxe3 26. fxe3
Rc7 27. c4 f6 28. Kd4 Kd6 29. Ra6+ Rc6 30. c5+ Kd7 31. Ra7+ Rc7 32. Rxc7+ Kxc7
33. g4 Kc6 34. Kc4 g6 35. h3 f5 36. gxf5 exf5 37. Kd4 g5 38. e4 fxe4 39. Kxe4
Kxc5 1/2-1/2

[Event "ODEM U25A 2011"]
[Site "Oberhof GER"]
[Date "2011.06.12"]
[Round "1"]
[White "Celmer, Ole"]
[Black "Bivol, Alina"]
[Result "0-1"]
[Termination "normal"]
[Board "4"]
[WhiteElo "1788"]
[BlackElo "2137"]
[PlyCount "62"]
[WhiteFideId "24657107"]
[BlackFideId "4100123"]
[EventCountry "GER"]
[EventRounds "9"]
[EventType "swiss"]
[EventDate "2011.06.11"]

1. e4 e6 2. d4 d5 3. Nc3 Bb4 4. e5 c5 5. Qg4 Ne7 6. dxc5 Nbc6 7. Nf3 d4 8. a3
Qa5 9. Bd3 dxc3 10. O-O cxb2 11. Bxb2 Bxc5 12. Qxg7 Rg8 13. Qxh7 Bd7 14. h4
O-O-O 15. Qe4 Nf5 16. Qc4 Bb6 17. Bc3 Qc5 18. Qxc5 Bxc5 19. Kh2 Ncd4 20. Nxd4
Nxd4 21. a4 Rg4 22. g3 Bc6 23. a5 Rdg8 24. Rab1 Nf3+ 25. Kh3 Nxh4 26. Be2 Bg2+
27. Kh2 Bxf1 28. Bxg4 Rxg4 29. Rxf1 Nf3+ 30. Kg2 Rc4 31. Bb2 Rxc2 0-1

[Event "ODEM U25A 2011"]
[Site "Oberhof GER"]
[Date "2011.06.12"]
[Round "1"]
[White "Gölz, Daniel"]
[Black "Kast, Joannis"]
[Result "1-0"]
[Termination "normal"]
[Board "5"]
[WhiteElo "2103"]
[BlackElo "1745"]
[PlyCount "153"]
[WhiteFideId "24626325"]
[BlackFideId "24698776"]
[EventCountry "GER"]
[EventRounds "9"]
[EventType "swiss"]
[EventDate "2011.06.11"]

1. e4 e5 2. Nf3 Nc6 3. Bc4 Bc5 4. c3 Nf6 5. b4 Bb6 6. d3 d6 7. a4 a6 8. O-O Bg4
9. a5 Ba7 10. Be3 O-O 11. Nbd2 d5 12. Bxa7 Rxa7 13. exd5 Nxd5 14. Ne4 Kh8 15.
h3 Bh5 16. Re1 f6 17. Rc1 Nf4 18. Ng3 Bf7 19. Qc2 Bxc4 20. dxc4 Qd3 21. Re4 Rd8
22. Qxd3 Rxd3 23. Ne1 Rd7 24. Ne2 Nxe2+ 25. Rxe2 Ra8 26. g4 Rad8 27. Rcc2 Rd1
28. Kh2 Ne7 29. Ng2 Ng6 30. h4 R1d3 31. h5 Nf8 32. f4 exf4 33. Nxf4 Rf3 34. Re4
Rf1 35. Kg2 Rfd1 36. Rce2 R1d2 37. Nd5 Rxe2+ 38. Rxe2 c6 39. Nb6 Kg8 40. Re7
Rb8 41. Kf3 h6 42. Ke4 Nh7 43. Kf5 Nf8 44. c5 Kh8 45. Nc4 Rd8 46. Nd6 Rd7 47.
Re8 Kg8 48. c4 Rc7 49. Kf4 Rd7 50. Kf3 Rc7 51. Rb8 Rd7 52. Nxb7 Rd3+ 53. Ke4
Rg3 54. Kf4 Rb3 55. Nd6 Rb1 56. b5 axb5 57. cxb5 Rb4+ 58. Kf3 Rb3+ 59. Ke2 cxb5
60. Rxb5 Rg3 61. Rb8 Rxg4 62. a6 Ra4 63. Ra8 Ra5 64. a7 Ra2+ 65. Kd3 Ra4 66. c6
Ra6 67. c7 Rxd6+ 68. Ke2 Re6+ 69. Kf2 Rc6 70. Rxf8+ Kxf8 71. a8=Q+ Kf7 72. Qxc6
f5 73. c8=R f4 74. Rc7+ Kg8 75. Qe8+ Kh7 76. Qg6+ Kg8 77. Qxg7# 1-0

[Event "ODEM U25A 2011"]
[Site "Oberhof GER"]
[Date "2011.06.12"]
[Round "1"]
[White "Mann, Johannes"]
[Black "Mazarov, Jürgen"]
[Result "0-1"]
[Termination "normal"]
[Board "6"]
[WhiteElo "1785"]
[BlackElo "2153"]
[PlyCount "64"]
[WhiteFideId "24691380"]
[BlackFideId "24617768"]
[EventCountry "GER"]
[EventRounds "9"]
[EventType "swiss"]
[EventDate "2011.06.11"]

1. e4 c5 2. Nc3 a6 3. g3 b5 4. Bg2 Bb7 5. d3 e6 6. f4 b4 7. Nce2 d5 8. e5 h5 9.
Nf3 Nh6 10. O-O Be7 11. h3 Nd7 12. Be3 d4 13. Bf2 Nb6 14. Nd2 Bxg2 15. Kxg2 Nf5
16. h4 Rh6 17. Qe1 Rg6 18. Kh3 Nd5 19. Nc4 Rg4 20. Rg1 Nde3 21. Rc1 Ra7 22. b3
Qd5 23. Nd2 a5 24. Ne4 a4 25. Qd2 f6 26. exf6 gxf6 27. Ra1 Kf7 28. Rge1 Ra8 29.
Rec1 Rag8 30. Rg1 Nxh4 31. gxh4 Qf5 32. Ng5+ R4xg5+ 0-1

[Event "ODEM U25A 2011"]
[Site "Oberhof GER"]
[Date "2011.06.12"]
[Round "1"]
[White "Schirrmacher, Carsten"]
[Black "Stövesand, Peter"]
[Result "1-0"]
[Termination "normal"]
[Board "7"]
[WhiteElo "2067"]
[BlackElo "1563"]
[PlyCount "77"]
[WhiteFideId "24610445"]
[BlackFideId "1270624"]
[EventCountry "GER"]
[EventRounds "9"]
[EventType "swiss"]
[EventDate "2011.06.11"]

1. e4 e5 2. Nf3 Nc6 3. Bb5 a6 4. Ba4 Nf6 5. Bxc6 dxc6 6. d3 Bc5 7. O-O Bg4 8.
h3 Bxf3 9. Qxf3 Qd7 10. Bg5 Be7 11. Nd2 h6 12. Bh4 Qe6 13. Nc4 Nd7 14. Bxe7
Qxe7 15. Qg3 O-O-O 16. f4 exf4 17. Rxf4 f6 18. Raf1 Rhe8 19. Kh1 Kb8 20. Ne3 g5
21. Rf5 h5 22. h4 Rg8 23. hxg5 fxg5 24. Rf7 Qe6 25. Nc4 g4 26. R1f5 Rge8 27.
Qf4 Kc8 28. R5f6 Qxf6 29. Rxf6 Nxf6 30. Qxf6 Rf8 31. Qg5 Kb8 32. Kg1 g3 33.
Qxg3 Rd7 34. Qh3 Rdf7 35. Qxh5 Rf1+ 36. Kh2 R1f2 37. e5 Rxc2 38. e6 Rg8 39. Ne3
1-0